000 00666nam a22002177a 4500
003 UA-OsUOA
001 106180
007 ta
008 20140505b un ||||| |||| 00| 0 ukr d
100 _aМіняйло О.
090 _a330477)
_bМ71
942 _cSA
040 _aUA-OsUOA
_bukr
_cUA-OsUOA
_dUA-OsUOA
245 _aРетроспективний аналіз ролі державних видатків у національній економіці
300 _aС.48-58
955 _a0
041 _aukr
080 _a330477)
773 0 _w106175
_tБанківська справа
_dК.
_d2014
_g2
650 7 _a330 Економіка взагалі
_2UDC
999 _c392312
_d392312